| 000 -LEADER |
| fixed length control field |
00740nam a2200229Ia 4500 |
| 001 - CONTROL NUMBER |
| control field |
17634 |
| 003 - CONTROL NUMBER IDENTIFIER |
| control field |
GE_BSU |
| 008 - FIXED-LENGTH DATA ELEMENTS--GENERAL INFORMATION |
| fixed length control field |
181216s||||||||xx |||||||||||||| ||und|| |
| 040 ## - CATALOGING SOURCE |
| Transcribing agency |
GE_BSU |
| 080 ## - UNIVERSAL DECIMAL CLASSIFICATION NUMBER |
| Universal Decimal Classification number |
792.071(=353.1) |
| 100 ## - MAIN ENTRY--PERSONAL NAME |
| Personal name |
იმედაძე,ნათელა |
| 245 ## - TITLE STATEMENT |
| Title |
გრიგოლ კოსტავა |
| 245 ## - TITLE STATEMENT |
| Remainder of title |
ქართველი მსახიობი |
| 245 ## - TITLE STATEMENT |
| Statement of responsibility, etc. |
რედ.:ნ.ურუშაძე;მხატვ.:ი.უთურაშვილი |
| 260 ## - PUBLICATION, DISTRIBUTION, ETC. |
| Place of publication, distribution, etc. |
თბილისი |
| 260 ## - PUBLICATION, DISTRIBUTION, ETC. |
| Name of publisher, distributor, etc. |
ხელოვნება |
| 260 ## - PUBLICATION, DISTRIBUTION, ETC. |
| Date of publication, distribution, etc. |
1972 |
| 300 ## - PHYSICAL DESCRIPTION |
| Extent |
57გვ;12სმ |
| 300 ## - PHYSICAL DESCRIPTION |
| Accompanying material |
12 ილ. |
| 653 ## - INDEX TERM--UNCONTROLLED |
| Uncontrolled term |
ქართველი მსახიობები |
| 942 ## - ADDED ENTRY ELEMENTS (KOHA) |
| Koha item type |
წიგნი |